Регионална библиотека "Любен Каравелов" - Русе

Тайната история на американската империя (Запис номер 75508)

MARC детайли
000 -Лидер
Контролно поле с фиксирана дължина 01947nam a2200457 c 4500
003 - Код на организацията, давaща контролен номер
Контролно поле BLK
005 - Дата и час на последна редакция
Контролно поле 20230810124517.0
008 - Елементи от данни с фиксирана дължина
fixed length control field 180408b bul|||||r ||||||| ||bul||
010 ## - Наследен системен номер
LC control number KNG00079925000
020 ## - Международен стандартен номер на книга ISBN
Международен стандартен номер на книга ISBN 978-954-321-388-7
-- издат.: Изток-Запад
040 ## - Източник на каталожния запис
Идентификатор на билиотеката - собственик на записа BLK
041 ## - Код за език
Код за езика на текст/звукозапис или на отделно заглавие Български
Код за езика КДБФ Български
080 ## - УДК
Текстов определител УДК Корупция
УДК код - определител по УДК 328.185
УДК определител (100)
УДК - код + определител 328.185(100)
080 ## - УДК
Текстов определител УДК Корпорации
УДК код - определител по УДК 334.784
УДК определител (73)
УДК - код + определител 334.784(73)
080 ## - УДК
Текстов определител УДК Международни икономически отношения. Външностопанска политика. Световно стопанство
УДК код - определител по УДК 339.9
УДК определител
УДК - код + определител 339.9
100 1# - Редна дума - Автор
Автор Пъркинс, Джон
Авторска отговорност първи автор
R(LIN) 278899
139 ## - Редно поле
Редна дума Пъркинс, Джон
Авторски знак Пър - П 97
245 10 - Сведения за заглавието
Заглавие Тайната история на американската империя
Подзаглавни данни Истината за глобалната корупция
Редно поле (дума) Джон Пъркинс; прев. от англ. Юлиян Антонов.
257 ## - Страна на издаване
Страна на създаване/издаване Съединени американски щати
260 ## - Област на издателските данни
-- София
Име на издателя, разпространителя и проч. Изток-Запад
Година на издаване 2007
300 ## - Физическа характеристика
Страници 360 с.
Размери/Мащаб 22 см
380 ## - Жанр
Жанр Обществени науки
500 ## - Общи забележки
Забележка Ориг. загл. The Secret Histoty of the American empire / John Perkins. - Азб. показалец
650 #4 - Допълнително описание по предмет – тема
Основно описание – тема или топоним Корупция
9 (RLIN) 159504
650 #4 - Допълнително описание по предмет – тема
Основно описание – тема или топоним Корпорации
9 (RLIN) 159491
650 #4 - Допълнително описание по предмет – тема
Основно описание – тема или топоним Стопански престъпления
9 (RLIN) 271114
650 #4 - Допълнително описание по предмет – тема
Основно описание – тема или топоним Световно стопанство
9 (RLIN) 251664
651 #4 - Допълнително описание по предмет - топоним
Географско понятие САЩ
9 (RLIN) 179493
653 ## - Ключова дума – ненормативна
Ключова дума корупция
653 ## - Ключова дума – ненормативна
Ключова дума корпорации
653 ## - Ключова дума – ненормативна
Ключова дума стопански престъпления
653 ## - Ключова дума – ненормативна
Ключова дума световно стопанство
653 ## - Ключова дума – ненормативна
Ключова дума САЩ
700 1# - Други автори (авторска отговорност)
Лично име Антонов, Юлиян
Автороска отговорност (Описва отношението между автора и произведението) прев. от англ.
9 (RLIN) 370786
852 ## - Местоположение
Форматна сигнатура Цб 237394
856 4# - Електронен адрес и достъп
Електронен формат pdf - файл
Път до файла /url/
856 4# - Електронен адрес и достъп
Електронен формат pdf - файл
Път до файла /url/
942 ## - АРТИКУЛИ
Вид на библиотечния материал Книги
Скрит в OPAC Не
Koha issues (borrowed), all copies 6
944 ## - СЪЗДАВАНЕ И РЕДАКЦИЯ на ЗАПИСА
Създаване/Редакция Създаване
Дата на регистрацията/редакция 05.12.2007
Служител, извършил регистрацията/редакцията 30564
Статус, дата на статуса Галина Якимова
944 ## - СЪЗДАВАНЕ И РЕДАКЦИЯ на ЗАПИСА
Създаване/Редакция Редакция
Дата на регистрацията/редакция 20.08.2009
Служител, извършил регистрацията/редакцията
999 ## - СИСТЕМНИ КОНТРОЛНИ НОМЕРА
Koha biblionumber 75508
Koha biblioitemnumber 75508
Наличности
Код за отписване Код за изгубен артикул Код за повреда Коз за рестрикции Код за отдаване Артикулен № Име на библиотеката - собственик Име на библиотеката, в която се намира в момента Статус (Текущо местоположение) Дата на вписване в системата Местоположение - отдел Цена в лева Инвентарен номер Систематично азбучна сигнатура Баркод Номер на екземпляра Цена в евро Служебна бележка Служебен тип на артикула Източник на класификационната схема
  Не е изгубен Не е повреден без рестрикции заемане за дома 122583 Регионална библиотека "Любен Каравелов" Русе Регионална библиотека "Любен Каравелов" Русе Заемна - подръчен фонд 2007-11-30 Заемна - подръчен фонд 15.00 120000720817 П 328/П 97 120000720817 1 7.67 Дост: Pk Вид: Ф N: 11787 Дата: 27.11.2007 Дата инв: 02.02.2018 Бележки инв: П2018 Книги  
Изтеглен Не е изгубен Не е повреден без рестрикции заемане за дома 122584 Регионална библиотека "Любен Каравелов" Русе Регионална библиотека "Любен Каравелов" Русе Заемна - подръчен фонд 2008-09-08 Заемна - подръчен фонд 14.99 120000728858 П 328/П 97 120000728858 2 7.66 Дост: Pk Вид: Ф N: 7479 Дата: 01.09.2008 Дата инв: 02.02.2018 Бележки инв: П2018 Книги Universal Decimal Classification
  Не е изгубен Не е повреден без рестрикции ползва се в читалня 122585 Регионална библиотека "Любен Каравелов" Русе Регионална библиотека "Любен Каравелов" Русе Хранилище 2009-08-21 Хранилище 15.00 120000737477 Цб 237394 120000737477 3 7.67 Дост: Dp Вид: Д N: 10 Дата: 26.02.2009 Книги  
Vip Innovations Ltd, Rousse, Bulgaria 2025